Who sang those metal & punk lyrics? - Statistics

General Stats
  • This quiz has been taken 18 times
    7 since last reset
  • The average score is 3 of 15
Answer Stats
Hint Explanation Answer % Correct
"Smashing through the boundaries
Lunacy has found me
Cannot stop the battery"
Battery Metallica
83%
"Trapped in purgatory
A lifeless object, alive"
Raining Blood Slayer
67%
"Yeah my lighter is held down by my thumb" Thumb Kyuss
17%
"Absolution and a frozen room
Are the dreams of men below"
Burning Inside Ministry
17%
"Young and dumb, truth and justice, fantasy
Fresh out of the academy"
The Badge Poison Idea
17%
"Every moment a new seed
Is grown to no reason, the trouble unfolds"
Snap Your Fingers, Snap Your Neck Prong
17%
"A simple system, yeah / I string 'em up, I cut 'em down" Avon Queens of the Stone Age
17%
"Inflammable material, planted in my head
It's a suspect device that's left two thousand dead"
Suspect Device Stiff Little Fingers
17%
"They give you a white shirt with long sleeves
Tied around your back, you're treated like thieves
Drug you up because they're lazy
It's too much work to help a crazy"
Institutionalized Suicidal Tendencies
17%
"I belong where they be
Because we cannot get back those lives"
7 Words Deftones
0%
"Sedated angel at a fork in the road" Strato-Streak Fu Manchu
0%
"Gone by sin too slowly
Can't pass it up
Then I thought nothing is right
I turned it off"
Unsung Helmet
0%
"All good clean fun
Have another stick of gum
Man, you look better already"
Motorhead Motörhead
0%
"Pull yourself together, take a stab at forever
Relax and let yourself go"
Suck You Dry Mudhoney
0%
"My whole existence is for your amusement
And that's why I'm here with you"
Paper Cuts Nirvana
0%
No matching quizzes found
Score Distribution
Percent of People with Each Score
Percentile by Number Answered
Your Score History
You have not taken this quiz since the last reset